<?xml version="1.0" encoding="UTF-8"?><?xml-stylesheet type="text/xsl" href="static/style.xsl"?><OAI-PMH xmlns="http://www.openarchives.org/OAI/2.0/" xmlns:xsi="http://www.w3.org/2001/XMLSchema-instance" xsi:schemaLocation="http://www.openarchives.org/OAI/2.0/ http://www.openarchives.org/OAI/2.0/OAI-PMH.xsd"><responseDate>2026-06-03T07:14:42Z</responseDate><request verb="GetRecord" identifier="oai:riuma.uma.es:10630/23546" metadataPrefix="marc">https://riuma.uma.es/rest/oai/request</request><GetRecord><record><header><identifier>oai:riuma.uma.es:10630/23546</identifier><datestamp>2026-02-03T11:10:10Z</datestamp><setSpec>com_10630_2254</setSpec><setSpec>col_10630_37953</setSpec></header><metadata><record xmlns="http://www.loc.gov/MARC21/slim" xmlns:dcterms="http://purl.org/dc/terms/" xmlns:doc="http://www.lyncode.com/xoai" xmlns:xsi="http://www.w3.org/2001/XMLSchema-instance" xsi:schemaLocation="http://www.loc.gov/MARC21/slim http://www.loc.gov/standards/marcxml/schema/MARC21slim.xsd">
   <leader>00925njm 22002777a 4500</leader>
   <datafield ind2=" " ind1=" " tag="042">
      <subfield code="a">dc</subfield>
   </datafield>
   <datafield ind2=" " ind1=" " tag="720">
      <subfield code="a">Almeida-García, Fernando</subfield>
      <subfield code="e">author</subfield>
   </datafield>
   <datafield ind2=" " ind1=" " tag="720">
      <subfield code="a">Chahine, Samia</subfield>
      <subfield code="e">author</subfield>
   </datafield>
   <datafield ind2=" " ind1=" " tag="260">
      <subfield code="c">2016</subfield>
   </datafield>
   <datafield ind2=" " ind1=" " tag="520">
      <subfield code="a">El turismo ha ido ganando espacio en la agenda política del gobierno de Marruecos. Durante los últimos 50 años, el desarrollo turístico ha estado liderado por el Estado, con diferentes grados de implicación, dependiendo del periodo y contexto político y econó- mico. Se han alternado periodos de gasto público con otros de privatización o desinterés. Este trabajo presenta la evolución de la política turística de Marruecos, destacando el cam- bio de función que ha tenido el turismo que ha pasado de tener un papel secundario, a ser en la actualidad una pieza clave de la economía del país. Así mismo, se detalla el proceso de crecimiento turístico experimentado en los últimos años, similar al que han realizado otros países turísticos en vía de desarrollo. Este estudio analiza los principales planes turísticos llevados a cabo por el la Administración pública, y plantea un debate en torno al modelo actual de desarrollo turístico y su conexión con las inversiones internacionales y el sector inmobiliario.</subfield>
   </datafield>
   <datafield ind1="8" ind2=" " tag="024">
      <subfield code="a">Almeida García, F., &amp; Chahine, S. (2016). Evolución de la política turística y la intervención estatal. El caso de Marruecos. Cuadernos de Turismo, (38), 17–41.</subfield>
   </datafield>
   <datafield ind1="8" ind2=" " tag="024">
      <subfield code="a">https://hdl.handle.net/10630/23546</subfield>
   </datafield>
   <datafield ind1="8" ind2=" " tag="024">
      <subfield code="a">10.6018/turismo.38.271331</subfield>
   </datafield>
   <datafield tag="653" ind2=" " ind1=" ">
      <subfield code="a">Marruecos - Política turística</subfield>
   </datafield>
   <datafield ind2="0" ind1="0" tag="245">
      <subfield code="a">Evolución de la política turística y la intervención estatal. El caso de Marruecos</subfield>
   </datafield>
</record>
</metadata></record></GetRecord></OAI-PMH>